Loading...
| Fine Arts - Classical Music and Opera | 5 | 6.00 | 60% | 0% | 0% |
| Fine Arts - Other Arts | 10 | 10.00 | 60% | 30% | 10% |
| Fine Arts - Painting and Sculpture | 6 | 11.67 | 83% | 33% | 0% |
| Geography | 3 | 20.00 | 100% | 67% | 33% |
| History - American History | 5 | 14.00 | 100% | 40% | 0% |
| History - European History | 6 | 15.00 | 83% | 50% | 17% |
| History - Other History | 7 | 14.29 | 86% | 29% | 29% |
| History - World History | 7 | 15.71 | 86% | 57% | 14% |
| Literature - American Literature | 6 | 13.33 | 83% | 50% | 0% |
| Literature - British Literature | 6 | 8.33 | 50% | 33% | 0% |
| Literature - European Literature | 3 | 10.00 | 100% | 0% | 0% |
| Literature - World Literature | 5 | 12.00 | 100% | 20% | 0% |
| Modern World | 2 | 20.00 | 100% | 100% | 0% |
| Mythology | 3 | 13.33 | 100% | 33% | 0% |
| Other Academic | 2 | 10.00 | 100% | 0% | 0% |
| Other Science (Astronomy) | 1 | 10.00 | 100% | 0% | 0% |
| Other Science (Engineering) | 1 | 20.00 | 100% | 100% | 0% |
| Other Science (Math) | 2 | 10.00 | 100% | 0% | 0% |
| Philosophy | 7 | 8.57 | 71% | 14% | 0% |
| Religion | 4 | 12.50 | 75% | 50% | 0% |
| Science - Biology | 2 | 10.00 | 100% | 0% | 0% |
| Science - Chemistry | 6 | 3.33 | 33% | 0% | 0% |
| Science - Physics | 6 | 5.00 | 33% | 17% | 0% |
| Social Science | 5 | 12.00 | 100% | 20% | 0% |